Panini World Cup 1994 Stickers - Statistics

General Stats
  • This quiz has been taken 60 times
  • The average score is 18 of 32
Answer Stats
Picture Hint Answer % Correct
Italy Paolo Maldini
91%
Italy Roberto Baggio
87%
Netherlands Dennis Bergkamp
85%
Sweden Henrik Larsson
85%
Romania Gheorghe Hagi
82%
Bulgaria Hristo Stoichkov
80%
Argentina Gabriel Batistuta
78%
Spain Josep Guardiola
76%
Brazil Romario
75%
Netherlands Frank Rijkaard
73%
Ireland Roy Keane
73%
Colombia Carlos Valderrama
71%
Spain Fernando Hierro
71%
Brazil Dunga
69%
Cameroon Roger Milla
69%
Brazil Taffarel
65%
Nigeria Augustine Okocha
56%
Brazil Bebeto
56%
USA Alexi Lalas
51%
Belgium Vincenzo Scifo
49%
Sweden Tomas Brolin
44%
Belgium Michel Preud’homme
40%
Germany Andreas Möller
38%
Italy Gianluca Pagliuca
36%
Argentina Fernando Redondo
35%
Mexico Jorge Campos
35%
Bulgaria Yordan Lechkov
33%
Germany Jürgen Kohler
31%
Romania Dan Petrescu
29%
Switzerland Stephane Chapuisat
29%
Russia Oleg Salenko
22%
Brazil Jorginho
15%
No matching quizzes found
Score Distribution
Percent of People with Each Score
Percentile by Number Answered
Your Score History
You have not taken this quiz